000 00305nam a2200133Ia 4500
100 _aSinha/P.K
942 _cRB
654 _amicroprocessor
245 _aMicroprocessor for engineers
260 _bEllis Horwood Ltd.
_aChichester
_c1987
082 _a621.38195
_bSIN
300 _a855
546 _aENGLISH
999 _c27074
_d27074